banner-ar

طلوع النهار اول الليل / (Record no. 32898)

MARC details
000 -الفاتح
حقل البيانات ثابتة الطول 00613nam a2200169Ia 4500
008 - عناصر البيانات ثابتة الطول - معلومات عامة
حقل البيانات ثابتة الطول 140319s9999 xx 000 0 ara d
040 ## - مصدر الفهرسة
وكالة الفهرسة الأصلية GCL /
وكالة النسخ GCL
082 04 - رقم تصنيف ديوى العشرى
رقم التصنيف 812.04
رقم المادة م ط
100 1# - المدخل الرئيسى - إسم شخصى
الإسم الشخصى محمد عبدالحافظ ناصف
245 10 - بيان العنوان
العنوان طلوع النهار اول الليل /
بيان المسئوليه,etc محمد عبدالحافظ ناصف
260 ## - PUBLICATION, DISTRIBUTION, ETC. (IMPRINT)
تاريخ النشر أو التوزيع 1999
300 ## - الوصف المادى
التعداد 78 ص ؛
أبعاد الوعاء 16 سم
490 ## - بيان السلسلة
عنوان السلسلة مسابقة تيمور للابداع المسرحى
رقم المجلد/ التعيين التسلسلي 0
650 04 - المدخل الاضافى بالموضوع-مصطلح موضوعى
مصطلح موضوعي المسرحيات العربية
942 ## - عناصر المدخل الإضافي( كوها)
مصدر التصنيف او مخطط الترفيف Dewey Decimal Classification
Koha [default] item type كتاب
260 ## - PUBLICATION, DISTRIBUTION, ETC. (IMPRINT)
-- القاهرة :
-- الهيئة المصرية العامة للكتاب ،
Holdings
حالة التراجع حالة الفقد حالة تلف ليس للاعارة المكان المؤقت الموقع الحالى تاريخ الاكتساب اجمالي اﻻعارات رقم الطلب الباركود تاريخ اخر مشاهدة تاريخ تفعيل السعر نوع وعاء كوها
        مكتبة القاهرة الكبرى مكتبة القاهرة الكبرى 03/26/2014   812.04\م ط 77837 03/26/2014 03/26/2014 كتاب
        مكتبة القاهرة الكبرى مكتبة القاهرة الكبرى 03/26/2014   812.04\م ط 77838 03/26/2014 03/26/2014 كتاب
        مكتبة القاهرة الكبرى مكتبة القاهرة الكبرى 03/26/2014   812.04\م ط 77839 03/26/2014 03/26/2014 كتاب

Powered By

EGPV